| 000 | 00763nam a22002417a 4500 | ||
|---|---|---|---|
| 005 | 20170124105915.0 | ||
| 010 | _a993567 | ||
| 020 |
_c00 _a434377023 |
||
| 035 | _a993567 | ||
| 037 | _bCen Lib/Ret | ||
| 040 |
_aDPL _bEN |
||
| 082 |
_a301.32 _bJOH |
||
| 100 |
_aJohnson, Stanley _92238 |
||
| 245 |
_aLife without birth : _cBy Stanley Johnson _ba journey through the third world in search of the population explosion / |
||
| 246 | _b | ||
| 260 |
_bWilliam Heinemann _c1970 _aLondon |
||
| 270 | _bLondon | ||
| 300 |
_axii, 364p. _c21cm(Hb) |
||
| 500 | _aincludes bibliographical references appendix and index | ||
| 650 |
_aPopulations Growth _zWorld _92239 |
||
| 650 |
_aChild Development _9895 |
||
| 942 |
_2ddc _cEN _h301.32 _mJOH |
||
| 999 |
_c122778 _d122778 |
||